<?xml version="1.0" encoding="UTF-8"?>
<record
    xmlns:xsi="http://www.w3.org/2001/XMLSchema-instance"
    xsi:schemaLocation="http://www.loc.gov/MARC21/slim http://www.loc.gov/standards/marcxml/schema/MARC21slim.xsd"
    xmlns="http://www.loc.gov/MARC21/slim">

  <leader>00909nam a22002417a 4500</leader>
  <controlfield tag="003">NALT</controlfield>
  <controlfield tag="005">20241206145313.0</controlfield>
  <controlfield tag="008">241010b        th ||||| |||| 00| 1 tha d</controlfield>
  <datafield tag="020" ind1=" " ind2=" ">
    <subfield code="a">9742555788</subfield>
  </datafield>
  <datafield tag="040" ind1=" " ind2=" ">
    <subfield code="a">NALT</subfield>
  </datafield>
  <datafield tag="090" ind1=" " ind2=" ">
    <subfield code="a">FIC</subfield>
    <subfield code="b">&#xE2A;984&#xE23; 2548</subfield>
  </datafield>
  <datafield tag="100" ind1="0" ind2=" ">
    <subfield code="a">&#xE42;&#xE2A;&#xE20;&#xE32;&#xE04; &#xE2A;&#xE38;&#xE27;&#xE23;&#xE23;&#xE13;</subfield>
    <subfield code="9">6153</subfield>
  </datafield>
  <datafield tag="245" ind1="1" ind2="0">
    <subfield code="a">&#xE23;&#xE31;&#xE01;&#xE40;&#xE23;&#xE48; /</subfield>
    <subfield code="c">&#xE42;&#xE2A;&#xE20;&#xE32;&#xE04; &#xE2A;&#xE38;&#xE27;&#xE23;&#xE23;&#xE13;.</subfield>
  </datafield>
  <datafield tag="250" ind1=" " ind2=" ">
    <subfield code="a">&#xE1E;&#xE34;&#xE21;&#xE1E;&#xE4C;&#xE04;&#xE23;&#xE31;&#xE49;&#xE07;&#xE17;&#xE35;&#xE35;&#xE48; 7.</subfield>
  </datafield>
  <datafield tag="260" ind1=" " ind2=" ">
    <subfield code="a">&#xE01;&#xE23;&#xE38;&#xE07;&#xE40;&#xE17;&#xE1E;&#xE2F; :</subfield>
    <subfield code="b">&#xE28;&#xE34;&#xE25;&#xE1B;&#xE32;&#xE1A;&#xE23;&#xE23;&#xE13;&#xE32;&#xE04;&#xE32;&#xE23;,</subfield>
    <subfield code="c">2548.</subfield>
  </datafield>
  <datafield tag="300" ind1=" " ind2=" ">
    <subfield code="a">635 &#xE2B;&#xE19;&#xE49;&#xE32; ;</subfield>
    <subfield code="c">18.5 &#xE0B;&#xE21;.</subfield>
  </datafield>
  <datafield tag="650" ind1=" " ind2="4">
    <subfield code="a">&#xE19;&#xE27;&#xE19;&#xE34;&#xE22;&#xE32;&#xE22;&#xE44;&#xE17;&#xE22;</subfield>
    <subfield code="9">6428</subfield>
  </datafield>
  <datafield tag="942" ind1=" " ind2=" ">
    <subfield code="c">FIC</subfield>
    <subfield code="2">local</subfield>
  </datafield>
  <datafield tag="996" ind1=" " ind2=" ">
    <subfield code="a">pitikan.s</subfield>
    <subfield code="b">CATSTF	</subfield>
    <subfield code="c">2024-10-10</subfield>
  </datafield>
  <datafield tag="996" ind1=" " ind2=" ">
    <subfield code="a">saiphon.d</subfield>
    <subfield code="b">CATSTF	</subfield>
    <subfield code="c">2024-10-11</subfield>
  </datafield>
  <datafield tag="999" ind1=" " ind2=" ">
    <subfield code="c">105986</subfield>
    <subfield code="d">105986</subfield>
  </datafield>
  <datafield tag="998" ind1=" " ind2=" ">
    <subfield code="j">8</subfield>
    <subfield code="k"> &#xE19;&#xE32;&#xE22;&#xE1A;&#xE31;&#xE13;&#xE11;&#xE34;&#xE15;  &#xE2D;&#xE38;&#xE17;&#xE32;&#xE27;&#xE07;&#xE04;&#xE4C;</subfield>
  </datafield>
  <datafield tag="952" ind1=" " ind2=" ">
    <subfield code="0">0</subfield>
    <subfield code="1">0</subfield>
    <subfield code="2">local</subfield>
    <subfield code="4">0</subfield>
    <subfield code="7">0</subfield>
    <subfield code="8">CFICSHT</subfield>
    <subfield code="a">NALT</subfield>
    <subfield code="b">NALT</subfield>
    <subfield code="c">FICSHT</subfield>
    <subfield code="d">2024-10-10</subfield>
    <subfield code="l">2</subfield>
    <subfield code="m">1</subfield>
    <subfield code="o">FIC &#xE2A;984&#xE23; 2548</subfield>
    <subfield code="p">3961214605</subfield>
    <subfield code="r">2024-12-20 00:00:00</subfield>
    <subfield code="s">2024-12-06</subfield>
    <subfield code="w">2024-10-10</subfield>
    <subfield code="y">FIC</subfield>
  </datafield>
</record>
